| 000 -LEADER |
| fixed length control field |
00334cam a22001217a 4500 |
| 008 - FIXED-LENGTH DATA ELEMENTS--GENERAL INFORMATION |
| fixed length control field |
180718b1950 xxu||||| |||| 00| 0 eng d |
| 082 ## - DEWEY DECIMAL CLASSIFICATION NUMBER |
| Classification number |
I54 L972 |
| 100 ## - MAIN ENTRY--PERSONAL NAME |
| Personal name |
Lundberg, Louis B. |
| 245 ## - TITLE STATEMENT |
| Title |
Public relations in the local community |
| Statement of responsibility, etc. |
by Louis B. Lundberg |
| 260 ## - PUBLICATION, DISTRIBUTION, ETC. |
| Place of publication, distribution, etc. |
New York |
| Name of publisher, distributor, etc. |
Harper |
| Date of publication, distribution, etc. |
1950 |
| 300 ## - PHYSICAL DESCRIPTION |
| Extent |
228p. |
| 650 ## - SUBJECT ADDED ENTRY--TOPICAL TERM |
| Topical term or geographic name entry element |
Publicity |